00424pab a2200145 454500008004000000100001800040245008300058260000900141300001300150362001100163650003500174650001000209700002500219773003400244180718b2015 xxu||||| |||| 00| 0 eng d aAiyar, Yamini aSpectators or participants? Effects of social audits in Andhra Pradesh (Notes) c2015 ap.66-71. a14 Feb aAudit - India - Andhra Pradesh aAudit aMehta, Soumya Kapoor aEconomic and Political Weekly